| 000 | 01128nam a22003377a 4500 | ||
|---|---|---|---|
| 003 | CHAP | ||
| 005 | 20220329141229.0 | ||
| 008 | 971010s1986 r 00010 d | ||
| 010 | _a64789 | ||
| 011 | _a65761 | ||
| 035 | _a73083 | ||
| 040 | _cCHAP | ||
| 082 |
_a658.15 _bB47 |
||
| 100 | 0 | 0 |
_aBierman, Harold, Jr. _912653 |
| 245 | 1 | 0 |
_aPlaneación financiera estratégica _bguia del administrador para mejorar los resultados expresados en utilidades |
| 260 |
_aMéxico, D. F. : _bCECSA, _c1986 |
||
| 300 | _a254 p | ||
| 400 | 0 | 0 |
_aBiblioteca de planeación y estratégia _v3 |
| 400 | 0 | 0 |
_aBiblioteca de planeación y estratégia _v3 |
| 590 |
_aBATCH-UPD _b10 _c20130110 _lUCH01 _h0834 |
||
| 590 |
_aBATCH-UPD _b10 _c20130410 _lUCH01 _h0512 |
||
| 590 |
_aBATCH-UPD _b10 _c20130913 _lUCH01 _h1933 |
||
| 590 |
_aCONVERSION _b10 _c20130109 _lUCH01 _h1335 |
||
| 650 | 1 | 4 |
_aAdministración. _9918 |
| 650 | 1 | 4 |
_aEstrategias administrativas. _938462 |
| 650 | 1 | 4 |
_aFinanzas. _940930 |
| 650 | 1 | 4 |
_aUtilidades. _9117109 |
| 901 | _aBK | ||
| 942 | _cLIBRO | ||
| 949 |
_a658.15 B47 _bBC _cLIBRO _d33724002132181 _eLIBRO _gI.c/e _h111486 _i73083 _sb |
||
| 999 |
_c64789 _d64789 |
||